[Event "FRA-ch Blitz Online Qual"]
[Site "Europe Echecs INT"]
[Date "2020.05.16"]
[Round "6"]
[White "Sudholt, Mario"]
[Black "Goulesque, Camille"]
[Result "0-1"]
[WhiteElo "1483"]
[BlackElo "1899"]
[PlyCount "92"]
[EventDate "2020.05.16"]
[EventType "swiss (blitz)"]
[EventRounds "15"]
[EventCountry "FRA"]
[SourceTitle "CBM 196 Extra"]
[Source "ChessBase"]
[SourceDate "2020.07.31"]
[SourceVersion "1"]
[SourceVersionDate "2020.07.31"]
[SourceQuality "1"]

1. e4 g6 2. d4 Bg7 3. Nf3 d5 4. exd5 Qxd5 5. h3 Nf6 6. Nc3 Qa5 7. Bd2 c6 8. Bc4 0-0 9. 0-0 Qc7 10. Re1 Bf5 11. a3 Nd5 12. Bb3 Bc8 13. Rc1 e6 14. Nxd5 exd5 15. Ne5 Nd7 16. Bf4 Nxe5 17. dxe5 Be6 18. c3 Qe7 19. Qd2 Rfe8 20. Bg5 Qc5 21. Bf6 Qb6 22. Ba2 Rac8 23. h4 h5 24. Re2 Bg4 25. Re3 Bh6 26. Bg5 Bxg5 27. hxg5 Be6 28. Rce1 Rcd8 29. Bb1 c5 30. Rf3 d4 31. Qf4 Bd5 32. Be4 Be6 33. Qf6 Bc4 34. Qxb6 axb6 35. Bxb7 d3 36. Bc6 d2 37. Rd1 Rxe5 38. Ba4 Be2 39. Re3 Rxe3 40. fxe3 Bxd1 41. Bxd1 Kf8 42. Kf2 Ke7 43. Ke2 Ke6 44. Bc2 Ke5 45. g3 f6 46. Bxg6 d1Q+ 0-1